000 00328nam a22001217a 4500
020 _qP/B
082 _a659.2
_bDOI
100 _aIFC
245 _aDoing Better Business Through Effective Public Consultation and Disclosure /
_cIFC
300 _a74 p.
942 _2ddc
_cBK
999 _c529596
_d529596